Nghệ thuật nhiếp ảnh màu

Sách trình bày một số kiến thức cơ bản về kỹ thuật chụp ảnh màu như: khái niệm về màu sắc, nắm bắt màu sắc, bản chất ánh sáng tự nhiên, ánh sáng nhân tạo, chiếu sáng cho đối tượng, phim màu và quy trình xử lý. Ngoài ra, sách còn cung...

Ausführliche Beschreibung

Gespeichert in:
Bibliographische Detailangaben
1. Verfasser: Trần Mạnh Thường
Format: Buch
Sprache:Undetermined
Veröffentlicht: Hà Nội VHTT 1998
Schlagworte:
Tags: Tag hinzufügen
Keine Tags, Fügen Sie den ersten Tag hinzu!
Thư viện lưu trữ: Trung tâm Học liệu Trường Đại học Cần Thơ
LEADER 01014nam a2200205Ia 4500
001 CTU_37586
008 210402s9999 xx 000 0 und d
020 |b 40.000đ 
082 |a 771 
082 |b Th561n 
100 |a Trần Mạnh Thường 
245 0 |a Nghệ thuật nhiếp ảnh màu 
245 0 |c Trần Mạnh Thường 
260 |a Hà Nội 
260 |b VHTT 
260 |c 1998 
520 |a Sách trình bày một số kiến thức cơ bản về kỹ thuật chụp ảnh màu như: khái niệm về màu sắc, nắm bắt màu sắc, bản chất ánh sáng tự nhiên, ánh sáng nhân tạo, chiếu sáng cho đối tượng, phim màu và quy trình xử lý. Ngoài ra, sách còn cung cấp kiến thức về việc trang bị máy móc và kỹ thuật buồng tối. 
650 |a photography 
904 |i Minh, 000804 
980 |a Trung tâm Học liệu Trường Đại học Cần Thơ